000 00875nam a2200289Ia 4500
003 OSt
005 20220918163817.0
006 a|||||r|||| 00| 0
007 ta
008 220917b |||||||| |||| 00| 0 eng d
020 _a0306461498 (hbk)
024 _a194,049
037 _cTextual
040 _aARTS
_cARTS
_beng
041 _2eng
_aeng
082 _aS:86g, P0
100 _aStricker George Ed.
_915514
245 0 _aHandbook of quality management in behavioral health
260 _aNew York
_bKluwer Academic
_c2000
300 _axiv,410p.
_ccm.
490 _aIssues in the practice of psychology
650 _aPSYCHOLOGY
700 _a Shueman Sharon A. Ed.
_915515
700 _a Troy Warwick G. Ed.
_915516
942 _hS:86g, P0
_cTEXL
_2CC
999 _c121651
_d121651